Online
Catalog

El día que se concozca la verdad cesará la injusticia / (Record no. 57281)

MARC details
000 -CABECERA
campo de control de longitud fija 01294nam a2200265 i 4500
003 - IDENTIFICADOR DEL NÚMERO DE CONTROL
campo de control DO-SdBNP
005 - FECHA Y HORA DE LA ÚLTIMA TRANSACCIÓN
campo de control 20240715093439.0
006 - CÓDIGOS DE INFORMACIÓN DE LONGITUD FIJA--CARACTERÍSTICAS DEL MATERIAL ADICIONAL
campo de control de longitud fija a||||gr|||| 00| 0
007 - CAMPO FIJO DE DESCRIPCIÓN FÍSICA--INFORMACIÓN GENERAL
campo de control de longitud fija ta
008 - DATOS DE LONGITUD FIJA--INFORMACIÓN GENERAL
campo de control de longitud fija 240712e2002 cu ac||| |||| 00| 0 spa d
040 ## - FUENTE DE LA CATALOGACIÓN
Centro catalogador/agencia de origen DO-SdBNP
Lengua de catalogación spa
Centro/agencia transcriptor BNPHU
Normas de descripción rda
082 #4 - NÚMERO DE LA CLASIFICACIÓN DECIMAL DEWEY
Número de edición 22
Número de documento/Ítem A321
100 1# - ENTRADA PRINCIPAL--NOMBRE DE PERSONA
Nombre de persona Alarcón de Quesada, Ricardo
Término indicativo de función/relación autor
9 (RLIN) 86068
Fechas asociadas al nombre 1937-2022
245 13 - MENCIÓN DE TÍTULO
Título El día que se concozca la verdad cesará la injusticia /
Mención de responsabilidad, etc. Ricardo Alarcón de Quesada; editora, Rebeca Nieves Amaro.
264 #1 - PRODUCCIÓN, PUBLICACIÓN, DISTRIBUCIÓN, FABRICACIÓN Y COPYRIGHT
Producción, publicación, distribución, fabricación y copyright Brasilia :
Nombre del de productor, editor, distribuidor, fabricante Asamblea Nacional del Poder Popular,
Fecha de producción, publicación, distribución, fabricación o copyright 2002
300 ## - DESCRIPCIÓN FÍSICA
Extensión 52 páginas :
Otras características físicas ilustraciones, retratos ;
Dimensiones 21 cm.
336 ## - TIPO DE CONTENIDO
Fuente rdacontent
Término de tipo de contenido texto
Código de tipo de contenido txt
337 ## - TIPO DE MEDIO
Fuente rdamedia
Nombre/término del tipo de medio sin mediación
Código del tipo de medio n
338 ## - TIPO DE SOPORTE
Fuente rdacarrier
Nombre/término del tipo de soporte volumen
Código del tipo de soporte nc
505 ## - NOTA DE CONTENIDO CON FORMATO
Nota de contenido con formato Intervención de Ricardo Alarcón de Quesada, en la X Conferencia Internacional de Estudios Europeos.--
Título Intervención de Ricardo Alarcón en un panel dedicado a los cinco cubanos prisioneros en los Estados Unidos, durante el XII Congreso Internacional de Derecho de Familia.--
-- Palabras de Ricardo Alarcón de Quesada, en la Clusura del I encuentro de Derecho de Justicia.
590 ## - NOTA LOCAL (RLIN)
Nota local Inventariado 2024 / MF
600 14 - PUNTO DE ACCESO ADICIONAL DE MATERIA--NOMBRE DE PERSONA
Nombre de persona Alarcón de Quesada, Ricardo,
9 (RLIN) 86069
700 1# - PUNTO DE ACCESO ADICIONAL--NOMBRE DE PERSONA
Nombre de persona Rebeca Nieves Amaro
Término indicativo de función/relación editor
9 (RLIN) 86070
942 ## - ELEMENTOS DE PUNTO DE ACCESO ADICIONAL (KOHA)
Fuente del sistema de clasificación o colocación Dewey Decimal Classification
Tipo de ítem Koha Libro
Holdings
Estado de retiro Estado de pérdida Fuente del sistema de clasificación o colocación Restricciones de uso No para préstamo Código de colección Localización permanente Ubicación/localización actual Ubicación en estantería Fecha de adquisición Fuente de adquisición Total de préstamos Signatura topográfica completa Código de barras Fecha visto por última vez Precio válido a partir de Tipo de ítem Koha
    Dewey Decimal Classification Préstamo en sala   General Biblioteca Nacional Pedro Henríquez Ureña Biblioteca Nacional Pedro Henríquez Ureña En catalogación 20.08.2019 Donado Irma Rodríguez   A321 2024-4379 12.07.2024 12.07.2024 Libro

Powered by Koha